| 000 | 004320000a22001810004500 | ||
|---|---|---|---|
| 003 | MACL | ||
| 005 | 20150901165718.0 | ||
| 008 | 150901b xxu||||| |||| 00| 0 eng d | ||
| 040 |
_aMACL _cMACL |
||
| 041 | _aEnglish | ||
| 082 | _a780/JOS | ||
| 100 |
_aJoshi, P.C. _94289 |
||
| 245 | _a1857 In Folk Songs | ||
| 260 |
_aNew Delhi _bPeople's Publishing House _c1994 |
||
| 350 | _a125 | ||
| 650 |
_aMusic _98450 |
||
| 942 |
_cBK _k780 _2ddc |
||
| 999 |
_c2799 _d2799 |
||